00330nam a2200121 a 4500001000400000003000500004005001700009008004100026040002000067100002300087245008400110260001400194867CDMR20130312181313.0130130s ||||||||||||||||||||||||||||d aCDMRbcatcCDMR1 aDaroca Gijo, Jorge13aEl bilingüismob: un problema en catalán y en castellanocJorge Daroca Giro aBarcelona